ARRUPE JESUIT UNIVERSITY

CORONAVIRUS -STOP THE SPREAD - CLEAN,DISINFECT,COVER

The Zimbabwe culture; (Record no. 128785)

MARC details
000 -LEADER
fixed length control field 00940cam a22002651 4500
001 - CONTROL NUMBER
control field 5942542
003 - CONTROL NUMBER IDENTIFIER
control field ARRUPE
005 - DATE AND TIME OF LATEST TRANSACTION
control field 20190121122557.0
008 - FIXED-LENGTH DATA ELEMENTS--GENERAL INFORMATION
fixed length control field 790802s1931 enkabef b 001 0 eng
010 ## - LIBRARY OF CONGRESS CONTROL NUMBER
LC control number 31033868
035 ## - SYSTEM CONTROL NUMBER
System control number (OCoLC)5233148
040 ## - CATALOGING SOURCE
Original cataloging agency DLC
Transcribing agency WvHuM
Modifying agency NN
-- DLC
042 ## - AUTHENTICATION CODE
Authentication code premarc
050 00 - LIBRARY OF CONGRESS CALL NUMBER
Classification number SPC. DT965.Z5
Item number C3
082 ## - DEWEY DECIMAL CLASSIFICATION NUMBER
Classification number 913.68932
300 ## - PHYSICAL DESCRIPTION
Other physical details col. front., illus., LXXIII pl. on 48 l. (part fold.; incl. map, plans)
Dimensions 25 1/2 cm.
100 1# - MAIN ENTRY--PERSONAL NAME
Personal name Caton-Thompson, Gertrude,
Dates associated with a name 1888-1985.
9 (RLIN) 44037
245 14 - TITLE STATEMENT
Title The Zimbabwe culture;
Remainder of title ruins and reactions,
Statement of responsibility, etc by G. Caton-Thompson.
260 ## - PUBLICATION, DISTRIBUTION, ETC. (IMPRINT)
Place of publication, distribution, etc Oxford,
Name of publisher, distributor, etc Clarendon Press,
Date of publication, distribution, etc 1931.
300 ## - PHYSICAL DESCRIPTION
Extent xxiv, 299, [1] p.
504 ## - BIBLIOGRAPHY, ETC. NOTE
Bibliography, etc Bibliography: p. [xix]-xxii.
651 #0 - SUBJECT ADDED ENTRY--GEOGRAPHIC NAME
Geographic name Great Zimbabwe (Extinct city)
9 (RLIN) 8040
651 #0 - SUBJECT ADDED ENTRY--GEOGRAPHIC NAME
Geographic name Zimbabwe
General subdivision Antiquities.
9 (RLIN) 9546
906 ## - LOCAL DATA ELEMENT F, LDF (RLIN)
a 7
b cbc
c oclcrpl
d u
e ncip
f 19
g y-gencatlg
942 ## - ADDED ENTRY ELEMENTS (KOHA)
Source of classification or shelving scheme Library of Congress Classification
Koha item type SPC
Holdings
Withdrawn status Lost status Source of classification or shelving scheme Damaged status Not for loan Collection code Home library Current library Shelving location Date acquired Total Checkouts Full call number Barcode Date last seen Price effective from Koha item type
    Library of Congress Classification     Main Collection ARRUPE LIBRARY ARRUPE LIBRARY Main Collection 21/01/2019   SPC. DT965.Z5 C3 46600002422 21/01/2019 21/01/2019 SPC

 

Arrupe Library. PO Box MP320 Mt Pleasant, Harare, Zimbabwe
263 242 745411|librarian@aju.ac.zw